La biblioteca colonial de la Universidad Javeriana de Bogotá /

La biblioteca colonial de la Universidad Javeriana de Bogotá presenta el inventario de las obras que poseían en el momento en que los jesuitas fueron expulsados de territorios pertenecientes a la corona española, en el año de 1767. Consta de 2,353 entradas de autores, con un total de 3,126 títulos;...

全面介紹

Guardado en:
書目詳細資料
主要作者: Rey Fajardo, José del (autor)
格式: 圖書
語言:西班牙语
出版: Bogotá, Colombia : San Cristóbal, Venezuela : Pontificia Universidad Javeriana ; Universidad Católica del Táchira, 2001
主題:
標簽: 添加標簽
沒有標簽, 成為第一個標記此記錄!

MARC

LEADER 00000nam^a2200000^a^4500
001 000156614
005 20250521000000.0
009 20260310100511.356
020 |a 980-6500-00-8 
037 |a Acervo ITESO - Biblioteca 
041 |a ESP 
082 |a 027. 086102  |b REY 
100 |a Rey Fajardo, José del  |e (autor) 
245 1 3 |a La biblioteca colonial de la Universidad Javeriana de Bogotá /  |c J. del Rey Fajardo. 
264 1 |a Bogotá, Colombia :  |b Pontificia Universidad Javeriana ;  |a San Cristóbal, Venezuela :  |b Universidad Católica del Táchira,  |c 2001 
300 |a 865 p. 
336 |a texto  |b txt  |2 rdacontenido 
337 |a sin mediación  |b n  |2 rdamedio 
338 |a volumen  |b nc  |2 rdasoporte 
520 |a La biblioteca colonial de la Universidad Javeriana de Bogotá presenta el inventario de las obras que poseían en el momento en que los jesuitas fueron expulsados de territorios pertenecientes a la corona española, en el año de 1767. Consta de 2,353 entradas de autores, con un total de 3,126 títulos; en esta edición, se transcribe el texto original y entre corchetes se incluye la información exacta con los requisitos modernos y, cuando es posible, remite a las bibliotecas o repertorios bibliográficos especializados donde puedan ser consultados. Contiene también un índice de autores y uno de títulos. 
585 |a Exposición DIA 2022-04/05 / De paseo con los libros por la ruta del placer 
649 |a XX 
650 |a Pontificia Universidad Javeriana -  |x Historia 
650 |a Catálogos de Bibliotecas -  |z Bogotá, Colombia 
650 |a Bibliotecas Universitarias -  |z Bogotá, Colombia -  |x Historia 
650 |a Jesuitas en la Educación -  |z Bogotá, Colombia 
650 |a Jesuitas en Colombia 
650 |a Universidades Católicas -  |z Bogotá, Colombia 
650 |a Instituciones Educativas -  |z Bogotá, Colombia 
650 |a Educación Superior -  |z Bogotá, Colombia 
650 |a Colombia -  |x Historia -  |y Epoca Colonial, 1550-1819 
910 |a Fondo General 
920 |a Impresos - Libros 
930 |a Colección General 
940 |a Jesuitas 
905 |a 101 
901 |a 0500085219  |b IT1  |c ACC  |u 20250521 
902 |a https://opac.biblio.iteso.mx/vufind/Record/000156614